[Event "Budapest SixDays 01 IM-B"]
[Site "Budapest"]
[Date "2023.01.27"]
[Round "7"]
[White "La Barbera, Manfredi"]
[Black "Daroczi, Donat"]
[Result "1-0"]
[WhiteElo "1961"]
[BlackElo "2148"]
[PlyCount "55"]
[EventDate "2023.01.23"]
[EventType "tourn"]
[EventRounds "9"]
[EventCountry "HUN"]
[SourceTitle "CBM 212 Extra"]
[Source "ChessBase"]
[SourceDate "2023.03.31"]
[SourceVersion "1"]
[SourceVersionDate "2023.03.31"]
[SourceQuality "1"]

1. e4 c5 2. Nf3 d6 3. d4 cxd4 4. Nxd4 Nf6 5. Nc3 Bd7 6. Be2 g6 7. Be3 Nc6 8. f3 Rc8 9. Qd2 h5 10. h3 Bg7 11. 0-0-0 h4 12. Kb1 Nh5 13. Nxc6 bxc6 14. Bd4 f6 15. Rhe1 Be6 16. f4 Qa5 17. Bg4 Bxg4 18. hxg4 Ng3 19. Qd3 c5 20. Bf2 Rb8 21. e5 Qb4 22. b3 0-0 23. Nd5 Qb7 24. exf6 exf6 25. Ne7+ Kh8 26. Nxg6+ Kg8 27. Ne7+ Kh8 28. Bxg3 1-0

[Event "Budapest SixDays 01 IM-B"]
[Site "Budapest"]
[Date "2023.01.24"]
[Round "2"]
[White "Papp, Levente"]
[Black "La Barbera, Manfredi"]
[Result "1-0"]
[WhiteElo "2391"]
[BlackElo "1961"]
[PlyCount "45"]
[EventDate "2023.01.23"]
[EventType "tourn"]
[EventRounds "9"]
[EventCountry "HUN"]
[SourceTitle "CBM 212 Extra"]
[Source "ChessBase"]
[SourceDate "2023.03.31"]
[SourceVersion "1"]
[SourceVersionDate "2023.03.31"]
[SourceQuality "1"]

1. c4 Nf6 2. g3 e6 3. Bg2 d5 4. Nf3 c5 5. cxd5 exd5 6. 0-0 Nc6 7. d4 Bg4 8. Ne5 Be6 9. Nxc6 bxc6 10. Qc2 Qb6 11. dxc5 Bxc5 12. Nc3 Bd6 13. Bg5 Nd7 14. Rac1 Ne5 15. Na4 Qc7 16. f4 Nc4 17. f5 Bd7 18. e4 h6 19. exd5 hxg5 20. Qxc4 0-0 21. dxc6 Bc8 22. Kh1 a5 23. Qg4 1-0

[Event "Arco op 44th"]
[Site "Arco"]
[Date "2022.10.13"]
[Round "6"]
[White "Di Lascio, Savino"]
[Black "La Barbera, Manfredi"]
[Result "0-1"]
[WhiteElo "1761"]
[BlackElo "2071"]
[PlyCount "57"]
[EventDate "2022.10.08"]
[EventType "swiss"]
[EventRounds "9"]
[EventCountry "ITA"]
[SourceTitle "CBM 210 Extra"]
[Source "ChessBase"]
[SourceDate "2022.11.30"]
[SourceVersion "1"]
[SourceVersionDate "2022.11.30"]
[SourceQuality "1"]

1. Nf3 d5 2. g3 g6 3. Bg2 Bg7 4. 0-0 e5 5. d3 Ne7 6. Nbd2 0-0 7. c4 c6 8. e4 d4 9. b4 Nd7 10. Qb3 a5 11. Bh3 axb4 12. Bxd7 Bxd7 13. Qxb4 b6 14. c5 b5 15. Nb3 f5 16. Kg2 fxe4 17. dxe4 Qc8 18. Ng1 Be6 19. Bg5 Qd7 20. Bxe7 Qxe7 21. a4 bxa4 22. Rxa4 Rab8 23. Qa5 Bxb3 24. Rb4 Rxb4 25. Qxb4 Qf7 26. f3 Qc4 27. Qb6 Ba2 28. Nh3 Bb3 29. Rf2 0-1

[Event "EU-ch U10"]
[Site "Bratislava"]
[Date "2019.08.03"]
[Round "2"]
[White "Hudak, Michal"]
[Black "La Barbera, Manfredi"]
[Result "0-1"]
[WhiteElo "1044"]
[BlackElo "1526"]
[PlyCount "138"]
[EventDate "2019.08.02"]
[EventType "swiss"]
[EventRounds "9"]
[EventCountry "SVK"]
[SourceTitle "EXT 2020"]
[Source "ChessBase"]
[SourceDate "2019.10.17"]
[SourceVersion "1"]
[SourceVersionDate "2019.10.17"]
[SourceQuality "1"]

1. f4 d5 2. Nf3 c5 3. e3 Nf6 4. Be2 e6 5. b3 Nc6 6. Bb2 Bd6 7. Nc3 b6 8. Nb5 Be7 9. c3 a6 10. Na3 Bb7 11. Nc2 Qc7 12. d4 Rc8 13. Ba3 Ne4 14. Bb2 cxd4 15. exd4 Qxf4 16. 0-0 Qh6 17. Bc1 Qg6 18. Nh4 Bxh4 19. Bh5 Nxc3 20. Bxg6 Nxd1 21. Bxf7+ Ke7 22. Ba3+ Kd7 23. Raxd1 Bf6 24. Rfe1 Nd8 25. Bh5 Rxc2 26. Re2 Rxe2 27. Bxe2 Nc6 28. Bb2 Rc8 29. Kf2 Bh4+ 30. g3 Rf8+ 31. Kg2 Bg5 32. Ba3 Rf6 33. h4 Be3 34. Re1 Rf2+ 35. Kh1 Bd2 36. Rd1 Rxe2 37. Bf8 Re1+ 38. Rxe1 Bxe1 39. Kh2 g6 40. Kh3 Nxd4 41. g4 Nf3 42. h5 a5 43. h6 Ba6 44. g5 Nxg5+ 45. Kg4 Nf7 46. Bg7 Bd2 47. a3 Bxh6 48. Bxh6 Nxh6+ 49. Kg5 Ng8 50. b4 Bd3 51. bxa5 h6+ 52. Kf4 bxa5 53. Ke5 g5 54. Kd4 Be4 55. Kc5 h5 56. Kb5 h4 57. Kxa5 h3 58. Kb6 h2 59. a4 h1Q 60. a5 Qa1 61. a6 g4 62. a7 g3 63. Kb7 g2 64. a8Q d4+ 65. Kb6 Qxa8 66. Kc5 g1Q 67. Kb5 Qc6+ 68. Kb4 Qb1+ 69. Ka3 Qa8# 0-1